The chestnut soldier / (Record no. 5483)

MARC details
000 -LEADER
fixed length control field 01065nam a22003017a 4500
001 - CONTROL NUMBER
control field 5483
003 - CONTROL NUMBER IDENTIFIER
control field FISKH
005 - DATE AND TIME OF LATEST TRANSACTION
control field 20241210143523.0
008 - FIXED-LENGTH DATA ELEMENTS--GENERAL INFORMATION
fixed length control field 241210b cb ||||| |||| 00| 0 eng d
020 ## - INTERNATIONAL STANDARD BOOK NUMBER
International Standard Book Number 9780545071277
040 ## - CATALOGING SOURCE
Original cataloging agency FISKH
Language of cataloging eng
Transcribing agency FISKH
Modifying agency FISKH
050 ## - LIBRARY OF CONGRESS CALL NUMBER
Classification number PZ7.N5897
082 ## - DEWEY DECIMAL CLASSIFICATION NUMBER
Classification number 823.914
100 ## - MAIN ENTRY--PERSONAL NAME
Personal name Nimmo, Jenny
245 ## - TITLE STATEMENT
Title The chestnut soldier /
Statement of responsibility, etc. by Jenny Nimmo
250 ## - EDITION STATEMENT
Edition statement First Scholastic paperback edition, January 2009
260 ## - PUBLICATION, DISTRIBUTION, ETC.
Place of publication, distribution, etc. New York :
Name of publisher, distributor, etc. Scholastic ;
Date of publication, distribution, etc. 1989.
300 ## - PHYSICAL DESCRIPTION
Extent 203 pages :
Other physical details illustrations ;
Dimensions 20 cm .
490 ## - SERIES STATEMENT
Series statement The magic trilogy
Volume/sequential designation Book three
505 ## - FORMATTED CONTENTS NOTE
Formatted contents note W <br/>
520 ## - SUMMARY, ETC.
Summary, etc. To purge the anger from an ancient Welsh demonic god that he had helped release, and to soothe a moody, troubled soldier, Gwyn Griffiths draws on the strength of his namesake and ancestor in Welsh magic, Gwydion Gwyn.
521 8# - TARGET AUDIENCE NOTE
Target audience note 860 <br/>
Source Lexile <br/>
521 8# - TARGET AUDIENCE NOTE
Target audience note W <br/>
Source Raz-Plus <br/>
650 ## - SUBJECT ADDED ENTRY--TOPICAL TERM
Topical term or geographic name entry element The Magician Trilogy
Form subdivision Juveniile literature
700 ## - ADDED ENTRY--PERSONAL NAME
Personal name Dorman, Brandon
Relator term Editor
942 ## - ADDED ENTRY ELEMENTS (KOHA)
Source of classification or shelving scheme Dewey Decimal Classification
Koha item type Books
Suppress in OPAC No
Holdings
Withdrawn status Lost status Source of classification or shelving scheme Damaged status Not for loan Collection Home library Current library Shelving location Date acquired Total Checkouts Full call number Barcode Date last seen Price effective from Koha item type
    Dewey Decimal Classification     Fiction Footprints International School Library Network Toul Kork Campus Footprints International School Library Network Toul Kork Campus TTP Secondary Fiction Bookshelves 12/10/2024   NIM 823.914 PZ7.N5897 FISSE00194 12/10/2024 12/10/2024 Books